Statystyki dla XI Dekady 2011-2020 wg Tygodnika "Piłka Nożna"

Kliknij tutaj aby rozwiązać quiz!

Ogólne statystyki

  • Ten quiz został rozwiązany 59 razy
  • Średni wynik to 11 z 11

Statystyki odpowiedzi

PozycjaKrajKlubyZawodnik% Poprawnych
LSPortugaliaReal M./JuventusCristiano Ronaldo
100%
PSArgentynaBarcelonaLionel Messi
100%
ŚPChorwacjaTottenham/Real M.Luka Modric
100%
BRNiemcySchalke/BayernManuel Neuer
100%
NUrugwajLiverpool/Barcelona/AtleticoLuis Suarez
98%
ŚOHiszpaniaReal M.Sergio Ramos
98%
LOBrazyliaReal M.Marcelo
95%
ŚPDHiszpaniaBarcelonaSergio Busquets
95%
ŚPNiemcyBayern/Real M.Toni Kroos
95%
ŚOBrazyliaMilan/PSG/ChelseaThiago Silva
93%
PONiemcyBayernPhilipp Lahm
88%

Rozkład punktacji

Percentyl według liczby udzielonych odpowiedzi

Procent ludzi z każdym wynikiem

Twoja historia wyników

Nie rozwiązałeś tego quizu